000 01163cam a2200157 4500500
005 20260208005927.0
041 _afre
042 _adc
100 1 0 _aMazouer, Charles
_eauthor
245 0 0 _aALEXANDRE HARDY, Alceste, ou La Fidélité (1624). Édition établie, présentée et annotée par SANDRINE LÉONIDE. Toulouse, Société de Littératures classiques, 2004. Un vol. 16 × 24 de LVI-71 p. (collection de rééditions de textes rares du XVIIe siècle).
260 _c2008.
500 _a31
520 _aLe 9 avril 1845 Victor Hugo écrit au représentant du roi de Suède à Paris, le comte G. C. F. Löwenhjelm en lui confiant deux exemplaires de Notre-Dame de Paris destinés au roi Oscar Ier et au secrétaire perpétuel de l’Académie suédoise, Bernhard von Beskow. Par sa date et son contenu, cette lettre se rattache à la correspondance de Hugo avec Beskow publiée dans le numéro précédent de la RHLF.
786 0 _nRevue d'histoire littéraire de la France | 107 | 4 | 2008-02-01 | p. 957e-1012e | 0035-2411
856 4 1 _uhttps://shs.cairn.info/revue-d-histoire-litteraire-de-la-france-2007-4-page-957e?lang=fr&redirect-ssocas=7080
999 _c1654391
_d1654391